000 00844cam a2200229 a 4500
001 000005610
005 20200929151725.0
008 811013s1941 sp 001 0 spa d
040 _aDO-SdBNP
_bspa
_cBNPHU
082 _a863.3
_bS161p
100 1 _aSalas Barbadillo, Alonso Jerónimo de,
_d1581-1635.
_915840
245 1 3 _aLa peregrinación sabia y el sagaz Estacio :
_bmarido examinado /
_cSalas Barbadillo ; prólogo de Francisco A. Icaza.
260 _aMadrid, España :
_bEspasa Calpe,
_c1941.
300 _axlvi, 264 p. ;
_c19 cm.
490 1 _aClásicos castellanos
_v57
650 4 _aNovela española
_91123
650 4 _aTeatro español
_93071
650 4 _aLiteratura española
_ySIGLO XVI
_98688
700 1 _aIcaza, Francisco A.,
_d1863-1925,
_eed.
_915841
740 3 _aEl sagaz Estacio.
830 0 _aClásicos castellanos ;
_n57
_915842
999 _c5409
_d5409